| 000 | 00777nam a2200133Ia 4500 | ||
|---|---|---|---|
| 008 | 171212s9999 xx 000 0 und d | ||
| 020 | _a9780833035202 | ||
| 100 | _aHollywood, John;Snyder, Diane;McKay, Kenneth N.;Boon, John E. Jr. | ||
| 245 |
_cHollywood, John;Snyder, Diane;McKay, Kenneth N.;Boon, John E. Jr. _aOut of the Ordinary _bFinding Hidden Threats by Analyzing Unusual Behavior |
||
| 260 |
_bRAND Corporation _c2004 |
||
| 650 | _aCriminal behavior, Prediction of -- United States; Crime forecasting -- United States; Criminal methods -- United States; Terrorism -- Forecasting; Terrorism -- Psychological aspects; Intelligence service -- United States; National security -- United Stat | ||
| 650 | _aPolitical Science | ||
| 856 | _uwww.jstor.org/stable/10.7249/mg126rc | ||
| 999 |
_c352386 _d352386 |
||